L'apostolo Paolo / (Record n. 358168)
[ formato base ]
| 000 -LEADER | |
|---|---|
| fixed length control field | 00937nam a22002657a 4500 |
| 003 - CONTROL NUMBER IDENTIFIER | |
| control field | IT-MiSPE |
| 005 - DATE AND TIME OF LATEST TRANSACTION | |
| control field | 20190325172126.0 |
| 008 - FIXED-LENGTH DATA ELEMENTS--GENERAL INFORMATION | |
| fixed length control field | 190325b ||||| |||| 00| 0 eng d |
| 020 ## - INTERNATIONAL STANDARD BOOK NUMBER | |
| International Standard Book Number | 887989764 |
| Terms of availability | 19.00 EUR |
| 040 ## - CATALOGING SOURCE | |
| Original cataloging agency | IT-MiSPE |
| Language of cataloging | ita |
| Transcribing agency | IT-MiSPE |
| Modifying agency | IT-MiSPE |
| 082 ## - DEWEY DECIMAL CLASSIFICATION NUMBER | |
| Classification number | 227.092-BER kl ap (23239) |
| 100 ## - MAIN ENTRY--PERSONAL NAME | |
| Personal name | Berger, Klaus. |
| Dates associated with a name | 1940- |
| Relator term | autore |
| 9 (RLIN) | 56769 |
| 240 ## - UNIFORM TITLE | |
| Uniform title | Paulus. |
| Language of a work | ger |
| 245 ## - TITLE STATEMENT | |
| Title | L'apostolo Paolo / |
| Remainder of title | Alle origini del pensiero cristiano |
| Statement of responsibility, etc. | Klaus Berger |
| 260 ## - PUBLICATION, DISTRIBUTION, ETC. (IMPRINT) | |
| Place of publication, distribution, etc. | Roma : |
| Name of publisher, distributor, etc. | Donzelli, |
| Date of publication, distribution, etc. | 2003. |
| 300 ## - PHYSICAL DESCRIPTION | |
| Extent | 153 p. |
| Dimensions | 21 cm |
| 490 ## - SERIES STATEMENT | |
| Series statement | Saggi. Scienza e filosofia. |
| 504 ## - BIBLIOGRAPHY, ETC. NOTE | |
| Bibliography, etc | Bibliografia essenziale pp. 149-153. |
| 546 ## - LANGUAGE NOTE | |
| Language note | Traduzione di Salvatore Patriarca. |
| 600 ## - SUBJECT ADDED ENTRY--PERSONAL NAME | |
| Personal name | Paulus Apostolus, |
| Titles and other words associated with a name | santo. |
| 9 (RLIN) | 57523 |
| 630 ## - SUBJECT ADDED ENTRY--UNIFORM TITLE | |
| Uniform title | Biblia. |
| Language of a work | ita |
| 9 (RLIN) | 57637 |
| 655 ## - INDEX TERM--GENRE/FORM | |
| Genre/form data or focus term | Sacra Scrittura. Studi sul Nuovo Testamento. |
| General subdivision | Paolo: studi e teologia. |
| 9 (RLIN) | 56750 |
| 700 ## - ADDED ENTRY--PERSONAL NAME | |
| Personal name | Patriarca, Salvatore, |
| Dates associated with a name | 1975-, |
| Relator term | tr. |
| 9 (RLIN) | 57685 |
| 942 ## - ADDED ENTRY ELEMENTS (KOHA) | |
| Source of classification or shelving scheme | Dewey Decimal Classification |
| Koha item type | LIBRO |
| Withdrawn status | Lost status | Source of classification or shelving scheme | Damaged status | Not for loan | Home library | Current library | Date acquired | Total Checkouts | Full call number | Barcode | Date last seen | Price effective from | Koha item type |
|---|---|---|---|---|---|---|---|---|---|---|---|---|---|
| Dewey Decimal Classification | Buone Condizioni | Not For Loan | CINISELLO | CINISELLO | 25/03/2019 | 227.092-BER kl ap (23239) | 9788879897640 | 25/03/2019 | 25/03/2019 | LIBRO |